| 000 | 01276pam a22003611a 4500 | ||
|---|---|---|---|
| 001 | 015951199 | ||
| 003 | Uk | ||
| 005 | 20150319132823.0 | ||
| 008 | 111017s2012 nyua b 001 0 eng|d | ||
| 015 |
_aGBB1C0833 _2bnb |
||
| 020 | _a0071325115 | ||
| 020 | _a9780071325110 | ||
| 020 | _a9780077422400 (hbk.) | ||
| 020 | _a0077422406 (hbk.) | ||
| 082 | 0 | 0 |
_a621.402 _bCEN _222 |
| 100 | 1 |
_aCengel, Yunus A. _932750 |
|
| 245 | 1 | 0 |
_aFundamentals of thermal-fluid sciences / _cYunus A. Cengel, John M. Cimbala, Robert H. Turner. |
| 250 |
_a4th ed., IN SI UNITS / _bMehmet Kanoglu. |
||
| 260 |
_aNew York : _bMcGraw-Hill Higher Education ; _cc.2012. |
||
| 300 |
_axx, 1083 p. : _bill. ; _c26 cm. + _e1 DVD. |
||
| 504 | _aIncludes bibliographical references and index. | ||
| 650 | 0 |
_aThermodynamics. _932751 |
|
| 650 | 0 |
_aThermodynamics _vProblems, exercises, etc. _932752 |
|
| 650 | 0 |
_aHeat _xTransmission. _932753 |
|
| 650 | 0 |
_aHeat _xTransmission _vProblems, exercises, etc. _932754 |
|
| 650 | 0 |
_aFluid mechanics. _932755 |
|
| 650 | 0 |
_aFluid mechanics _vProblems, exercises, etc. _932756 |
|
| 653 |
_bENGPET _cFebruary2013 _cMarch2015 |
||
| 655 |
_vtext book _933728 |
||
| 700 | 1 |
_aTurner, Robert H. _932757 |
|
| 700 | 1 |
_aCimbala, John M. _932758 |
|
| 942 |
_2ddc _k621.402 CEN |
||
| 999 |
_c17336 _d17308 |
||